Polskie miasta na M według podpowiedzi - Statystyki

Ogólne statystyki
  • Ten quiz został rozwiązany 106 razy
  • Średni wynik to 7 z 10
Statystyki odpowiedzi
Podpowiedź Miasto % Poprawnych
Znajduje się tam największy zamek na świecie. Malbork
100%
Stamtąd wywodzą się meleksy oraz klub piłkarski Stal. Mielec
90%
Europejska stolica, ale mazowiecka z nazwy. Mińsk Mazowiecki
73%
Pochodzi stamtąd zespół rockowy znany z Długości dźwięku samotności. Mysłowice
71%
Kurort nadmorski na wyspie Wolin. Znany z Promenady Gwiazd i molo. Międzyzdroje
69%
Kurort nadmorski pod Koszalinem. Mielno
68%
Kurort na Mazurach, blisko jeziora Śniardwy. Mikołajki
68%
Lubuskie miasto znane z leżącego w pobliżu rejonu umocnionego. Międzyrzecz
47%
Kujawsko-pomorskie miasto powiatowe na trasie kolejowej z Torunia do Poznania. Mogilno
46%
Leży tam jedna z największych replik Grobu Pańskiego. Między Krakowem, a Kielcami. Miechów
39%
Nie znaleziono quizów pasujących do podanych kryteriów
Rozkład punktacji
Procent ludzi z każdym wynikiem
Percentyl według liczby udzielonych odpowiedzi
Twoja historia wyników
Nie rozwiązałeś tego quizu